| 000 | 01328nam a22002657a 4500 | ||
|---|---|---|---|
| 005 | 20170124103048.0 | ||
| 010 | _aB-075137 | ||
| 020 |
_c325.00 _a8170559936 |
||
| 035 | _aB-075137 | ||
| 037 | _bCen Lib/Ret | ||
| 040 |
_aDPL _bHN |
||
| 082 |
_aक _bबुटालि |
||
| 100 |
_aबुटालिया, उर्वशी _969792 |
||
| 245 |
_aख़ामोशी के उस पार : _cउर्वशी बुटालिया;अनुवादक राजीवकुमार _bभारत-विभाजन के त्रासद स्वर / |
||
| 246 |
_aKhamoshi ke us paar : bharat-vibhajan ke trasad swar/ _bby Urvashi Butaliya;anuvadak Rajivkumar Shrivastava |
||
| 260 |
_aनयी दिल्ली _bवाणी प्रकाशन _c2002 |
||
| 270 |
_a21-ए, दरियागंज _bनयी दिल्ली _e110002 |
||
| 300 |
_a315पृ. _c21सेमी (सजिल्द) |
||
| 650 |
_a हिन्दी साहित्य _969793 |
||
| 650 |
_a हिन्दी साहित्य -- कहानियाँ _969794 |
||
| 650 |
_aHindi literature _969795 |
||
| 650 |
_aHindi literature -Stories _969796 |
||
| 700 |
_aश्रिवास्तव, राजीवकुमार _949095 |
||
| 942 |
_2ddc _cHN _hक _mबुटालि |
||
| 999 |
_c117045 _d117045 |
||